000 00452nam a2200181Ia 4500
001 10809
005 20260306161859.0
008 260306t1967||||xx |||||||||||||| ||spa||
041 _aESP
082 _a971.03
_bF364
100 _aFohlen, Claude
_eAUT
245 0 _aLa América anglosajona:
_bde 1815 hasta nuestros días
260 _c1967
300 _axi, 314 páginas :
_c20 cm.
650 _aGEN
654 _aCHU
942 _cLIB
_dJUS
_fJUS
_2ddc
_n
999 _c10809
_d10809